| 000 -LEADER |
| fixed length control field |
00286nam a22001217a 4500 |
| 008 - FIXED-LENGTH DATA ELEMENTS--GENERAL INFORMATION |
| fixed length control field |
170529b xxu||||| |||| 00| 0 eng d |
| 041 ## - LANGUAGE CODE |
| Language code of text/sound track or separate title |
eng |
| 080 ## - UNIVERSAL DECIMAL CLASSIFICATION NUMBER |
| Edition identifier |
2ND |
| Universal Decimal Classification number |
621.3 |
| 100 ## - Rafti |
| Rafti |
27 |
| 101 ## - Shkurtesa |
| Shkurtesa |
IM |
| 245 ## - TITLE STATEMENT |
| Title |
THE PHYSICS OF ELECTRICITY AND MAGNETISM |
| Statement of responsibility, etc |
SCOTT, W.T |
| 942 ## - ADDED ENTRY ELEMENTS (KOHA) |
| Source of classification or shelving scheme |
|
| Item type |
Books |